| 000 | 00877cam a2200241 4500 | ||
|---|---|---|---|
| 001 | WB3606-12 | ||
| 008 | 000000n2000 000 0 eng u | ||
| 035 | _a(Sirsi) u104075 | ||
| 245 | _aPrescott to curb urban sprawl | ||
| 260 | _c2000 | ||
| 490 |
_aSunday Times _v6 February 2000, 12 |
||
| 490 |
_aBuilding Design _v(1426) 4 February 2000, 3(3) |
||
| 520 | _aJohn Prescott has indicated the government's support for higher density housing developments which make better use of available land. The announcement comes ahead of draft regional planning guidance for south east England to be published next month. | ||
| 590 | _aWB | ||
| 650 | _aTERRACES | ||
| 650 | _aHIGH DENSITY HOUSING | ||
| 650 | _aHOUSING DENSITY | ||
| 650 | _aURBAN AREAS | ||
| 650 | _aREGIONAL PLANNING GUIDANCE | ||
| 650 | _aPLANNING POLICY | ||
| 690 | _aHOUSING-DEVELOPMENT | ||
| 942 | _n0 | ||
| 999 |
_c62455 _d62455 |
||